The Great book of seafood cooking

Bibliographic Details
Main Author: Bonomo, Giuliana
Format: Book
Published: London : Simon & Schuster , 1989
Subjects:

MARC

LEADER 00000cam a2200000 7i4500
001 0000004584
002 000004943
005 20000330.0
020 |a 0671711563 
090 0 0 |a 641.692   |b BON 
100 1 |a Bonomo, Giuliana 
245 1 4 |a The Great book of seafood cooking   |c Giuliana Bonomo 
260 |a London :   |b Simon & Schuster ,   |c 1989 
300 |a 319p. ;   |c 28cm. 
650 0 0 |a Cookery (Seafood) 
650 0 0 |a Seafood 
999 |a 037400   |b BUKU   |c PINJAMAN   |e PERPUSTAKAAN KOMUNITI PETALING JAYA